| 000 | 00835nam a2200229Ia 4500 | ||
|---|---|---|---|
| 003 | OSt | ||
| 005 | 20220923220944.0 | ||
| 006 | a|||||r|||| 00| 0 | ||
| 007 | ta | ||
| 008 | 220922b |||||||| |||| 00| 0 hin d | ||
| 024 | _a192,709 | ||
| 037 | _cTextual | ||
| 040 |
_aARTS _cARTS _bhin |
||
| 041 |
_2hin _ahin |
||
| 082 | _aV2:10J:L8, 152K3 | ||
| 100 |
_aमोरलेंड, डब्ल्यू0 एच0 _9164873 |
||
| 245 | 0 | _aमुस्लिम भारत की गा्रमीण व्यवस्था, अनु कमलाकर त्रिपाठी | |
| 246 | _aMuslim bhārat kī gāramīṇ vyavasthā, anu0 kamalākar tripāṭhī | ||
| 260 | _c1963 | ||
| 942 |
_hV2:10J:L8, 152K3 _cTEXL _2CC |
||
| 999 |
_c345281 _d345281 |
||